000 00838cab a2200253 4500
001 ABS58175
008 090401t1998 xxu||||| |||| 00| 0 eng d
035 _a(Sirsi) u83386
041 _aeng
100 _aWaters, B.
245 _aPlanning advice
260 _c1998
350 _a0
490 _aArchitects` Journal
_v207(1) 8 January 1998, 44-45(2)
520 _aPublished government data on land-use change shows that nearly half of all residential development is taking place on land previously developed for urban uses, and this doesn`t include redevelopment of land already in residential use.
650 _aBROWN LAND
650 _aBROWNFIELD SITES
650 _aLAND USE CHANGE
650 _aNEW HOUSES
650 _aSUSTAINABLE DEVELOPMENT
690 _aHOUSING-DEVELOPMENT
942 _n0
948 _c28/01/1998
999 _c52669
_d52669